000
00245 a2200097 4500
001
41741
100
_a
Webster's
245
_a
Webster's Third New International Dictionary
260
_a
London
_b
Encyclopedia Britannica
_c
090
_c
25858
_d
25858
942
_a
NUST-CAE
_c
M
_c
17622
999
_c
276814
_d
276814